Метастабильные ионы тетракистрифторфосфин гидрида иридия в масс-спектрах; Химия и химическая технология в XXI веке

Dettagli Bibliografici
Parent link:Химия и химическая технология в XXI веке.— 2018.— [С. 277-278]
Ente Autore: ПО Электрохимический завод
Altri autori: Кушнарев Д. И., Арефьев Д. Г., Васин С. А., Тимофеев Д. В.
Riassunto:Заглавие с экрана
Lingua:russo
Pubblicazione: 2018
Serie:Теоретические и прикладные аспекты физической и аналитической химии
Soggetti:
Accesso online:http://earchive.tpu.ru/handle/11683/49742
Natura: MixedMaterials Elettronico Capitolo di libro
KOHA link:https://koha.lib.tpu.ru/cgi-bin/koha/opac-detail.pl?biblionumber=626900

MARC

LEADER 00000naa2a2200000 4500
001 626900
005 20231101133432.0
035 |a (RuTPU)RU\TPU\conf\26565 
035 |a RU\TPU\conf\26560 
090 |a 626900 
100 |a 20180807d2018 k y0rusy50 ca 
101 0 |a rus 
102 |a RU 
105 |a y z 101zy 
135 |a drgn ---uucaa 
181 0 |a i  
182 0 |a b 
200 1 |a Метастабильные ионы тетракистрифторфосфин гидрида иридия в масс-спектрах  |f Д. И. Кушнарев [и др.] 
203 |a Текст  |c электронный 
225 1 |a Теоретические и прикладные аспекты физической и аналитической химии 
230 |a 1 компьютерный файл (pdf; 771 Kb) 
300 |a Заглавие с экрана 
463 0 |0 (RuTPU)RU\TPU\conf\26227  |t Химия и химическая технология в XXI веке  |o материалы XIX Международной научно-практической конференции студентов и молодых ученых имени профессора Л. П. Кулёва, 21-24 мая 2018 г., г. Томск  |f Национальный исследовательский Томский политехнический университет  |v [С. 277-278]  |d 2018 
610 1 |a электронный ресурс 
610 1 |a метастабильные ионы 
610 1 |a гидрид ирития 
610 1 |a масс-спектры 
610 1 |a масс-спектрометрия 
610 1 |a фрагментация 
701 1 |a Кушнарев  |b Д. И. 
701 1 |a Арефьев  |b Д. Г. 
701 1 |a Васин  |b С. А. 
701 1 |a Тимофеев  |b Д. В. 
712 0 2 |a ПО Электрохимический завод 
801 2 |a RU  |b 63413507  |c 20180821  |g RCR 
856 4 |u http://earchive.tpu.ru/handle/11683/49742 
942 |c BK